Recrear la solidaridad en tiempos de mundialización : ciudadanía, vecindad y fraternidad /

Frente a un mundo en crisis que ha ido menguando la esperanza de un amanecer mejor, el autor plantea la necesidad de reinventar la solidaridad en el escenario público para avanzar hacia la cohesión social, a través de la construcción de ciudadanos y vecinos que busquen la fraternidad.

Shranjeno v:
Bibliografske podrobnosti
Glavni avtor: García Roca, Joaquín (autor)
Format: Knjiga
Jezik:španščina
Izdano: México : Sistema Universitario Jesuita : Fideicomiso Fernando Bustos Barrena SJ, 2013, c2013
Serija:(Cátedra Eusebio Francisco Kino SJ)
Teme:
Oznake: Označite
Brez oznak, prvi označite!

MARC

LEADER 00000nam^a2200000^a^4500
001 000345223
005 20250521000000.0
009 20260310114711.079
020 |a 978-607-7808-86-2 
020 |a 978-607-7808-01-5 
037 |a Acervo Xavier Clavigero 
041 |a ESP 
082 |a 320. 01  |b GAR 
100 |a García Roca, Joaquín  |e (autor) 
245 1 0 |a Recrear la solidaridad en tiempos de mundialización :  |b ciudadanía, vecindad y fraternidad /  |c J. García Roca. 
264 4 |a México :  |b Sistema Universitario Jesuita :  |b Fideicomiso Fernando Bustos Barrena SJ,  |c 2013, c2013 
300 |a 189 p. 
336 |a texto  |b txt  |2 rdacontenido 
337 |a sin mediación  |b n  |2 rdamedio 
338 |a volumen  |b nc  |2 rdasoporte 
440 1 |a (Cátedra Eusebio Francisco Kino SJ) 
520 |a Frente a un mundo en crisis que ha ido menguando la esperanza de un amanecer mejor, el autor plantea la necesidad de reinventar la solidaridad en el escenario público para avanzar hacia la cohesión social, a través de la construcción de ciudadanos y vecinos que busquen la fraternidad. 
649 |a XX 
650 |a Barrios 
650 |a Sociedad Civil 
650 |a Solidaridad -  |x Tema Principal 
650 |a Cohesión Social 
650 |a Globalización 
650 |a Modernidad y Posmodernidad 
650 |a Etica Política 
650 |a Política -  |x Historia -  |y Siglo XXI 
910 |a Fondo General 
920 |a Impresos - Libros 
930 |a Colección General 
905 |a 101 
901 |a 0500235860  |b IT1  |c ACC  |i FXC D1664  |u 20250521 
902 |a https://opac.biblio.iteso.mx/vufind/Record/000345223